[Event "Acropolis 2008"]
[Site "Athens"]
[Date "2008.08.14"]
[Round "6.7"]
[White "Rudolf, Anna"]
[Black "Kolev, Atanas"]
[Result "1/2-1/2"]
[WhiteElo "2337"]
[BlackElo "2565"]
[PlyCount "183"]
[EventDate "2008.08.09"]

1. e4 c5 2. b3 Nc6 3. Bb2 a6 4. Nc3 e6 5. Nf3 Nf6 6. d4 cxd4 7. Nxd4 Bb4 8.
Nxc6 bxc6 9. Bd3 d5 10. O-O a5 11. Qe2 O-O 12. e5 Nd7 13. Na4 Nb6 14. Nxb6 Qxb6
15. Rfd1 Re8 16. Bd4 Qc7 17. c4 dxc4 18. Bxc4 Bf8 19. Rac1 Bb7 20. Qe3 c5 21.
Bb2 Qc6 22. f3 Red8 23. a4 Be7 24. Bb5 Qb6 25. Kf1 h6 26. Qe2 Bg5 27. Rxd8+
Rxd8 28. Rd1 Bd5 29. Bc4 Qb4 30. Kf2 Bh4+ 31. g3 Be7 32. Qc2 Qb7 33. Rd3 Rb8
34. Bc3 Bxc4 35. bxc4 Qb3 36. Qxb3 Rxb3 37. Ke3 Ra3 38. Bxa5 Rxa4 39. Bd8 Bxd8
40. Rxd8+ Kh7 41. Rc8 Rxc4 42. Kd3 Rd4+ 43. Ke3 Rc4 44. Kd3 Rc1 45. Kd2 Rh1 46.
Rxc5 Rxh2+ 47. Ke3 h5 48. Rc7 Kg6 49. Ra7 Rg2 50. Kf4 Re2 51. Ra5 Kh6 52. g4
g5+ 53. Kg3 h4+ 54. Kh3 Kg6 55. Rb5 Rd2 56. Rb3 Rd4 57. Ra3 Kg7 58. Rb3 Rd5 59.
Re3 Kg6 60. Kg2 Rd2+ 61. Kh3 Kh6 62. Ra3 Kg7 63. Rb3 Rf2 64. Ra3 Kg6 65. Rb3 f5
66. exf6 Kxf6 67. Re3 Ke7 68. Rd3 e5 69. Re3 Kd6 70. Rd3+ Kc5 71. Re3 Kd4 72.
Re4+ Kd5 73. Re3 Rd2 74. Ra3 Kd4 75. Ra4+ Kd3 76. Ra3+ Kc4 77. Ra4+ Kb5 78. Ra8
Rd3 79. Rf8 e4 80. Rf5+ Kc4 81. Rxg5 Rxf3+ 82. Kxh4 e3 83. Re5 Kd3 84. g5 e2
85. Rxe2 Kxe2 86. g6 Rf1 87. Kg5 Ke3 88. g7 Ke4 89. Kg6 Ke5 90. g8=Q Rg1+ 91.
Kf7 Rxg8 92. Kxg8 1/2-1/2

[Event "Acropolis 2008"]
[Site "Athens"]
[Date "2008.08.14"]
[Round "6.9"]
[White "Svetushkin, Dmitry"]
[Black "Asik, Josip"]
[Result "1-0"]
[WhiteElo "2587"]
[BlackElo "2368"]
[PlyCount "113"]
[EventDate "2008.08.09"]

1. d4 e6 2. Nf3 Nf6 3. c4 b6 4. Bf4 Bb7 5. e3 Be7 6. Nc3 Ne4 7. Nxe4 Bxe4 8.
Bd3 Bb4+ 9. Ke2 Bxd3+ 10. Qxd3 O-O 11. c5 bxc5 12. a3 c4 13. Qxc4 Bd6 14. Bxd6
cxd6 15. Rhc1 d5 16. Qc7 Nc6 17. Qxd8 Rfxd8 18. b4 Rdb8 19. Rc5 a6 20. Rac1 f6
21. Nd2 Kf7 22. Kd3 Ke8 23. Nb3 Rb5 24. R1c3 Rab8 25. Kc2 Ke7 26. Nc1 Kd6 27.
Nb3 Ke7 28. f3 e5 29. Kd3 Kd6 30. Na1 f5 31. dxe5+ Nxe5+ 32. Ke2 a5 33. Rxb5
Rxb5 34. Nc2 axb4 35. axb4 Nc6 36. Rb3 Rb8 37. Kf2 Ne5 38. Rc3 Nc6 39. Rb3 g6
40. Kg3 Ke5 41. h4 d4 42. exd4+ Kd5 43. Rb1 Kc4 44. b5 Na7 45. Kf4 Kd3 46. Na3
Nc8 47. Ke5 Rb6 48. Rb3+ Ke2 49. Nc4 Re6+ 50. Kf4 Nb6 51. Nxb6 Rxb6 52. Ke5 h5
53. Kd5 Kf2 54. Rb2+ Kg3 55. Kc5 Rb7 56. b6 Kxh4 57. Kd5 1-0

[Event "Acropolis 2008"]
[Site "Athens"]
[Date "2008.08.14"]
[Round "6.10"]
[White "Sergeev, Aleksander"]
[Black "Kotanjian, Tigran"]
[Result "0-1"]
[WhiteElo "2354"]
[BlackElo "2578"]
[PlyCount "114"]
[EventDate "2008.08.09"]

1. d4 f5 2. Nc3 Nf6 3. Bg5 d5 4. e3 e6 5. Bd3 c5 6. dxc5 Bxc5 7. Nf3 O-O 8. O-O
Nc6 9. Na4 Be7 10. c4 h6 11. Bf4 g5 12. Bg3 Ne4 13. Qe2 Nxg3 14. hxg3 g4 15.
Nd4 Bf6 16. Rad1 Nxd4 17. exd4 b6 18. cxd5 Qxd5 19. Nc3 Qd6 20. Nb5 Qd7 21. Bc4
a6 22. Nc3 Qd6 23. Rfe1 Kf7 24. Qd3 Kg7 25. Ne2 b5 26. Bb3 Bd7 27. Nf4 Rae8 28.
Qe3 Bg5 29. Rc1 Bxf4 30. gxf4 a5 31. Rc5 a4 32. Bc2 Bc6 33. b4 Bd5 34. a3 Rc8
35. Qc3 Rb8 36. Re5 h5 37. Bd3 h4 38. Bxb5 h3 39. Bf1 Rh8 40. Rc7+ Kf6 41. Qc5
Qxc5 42. dxc5 h2+ 43. Kh1 Rbd8 44. Re1 Be4 45. c6 Rd2 46. Rd7 Rxf2 47. c7 Rc8
48. Kxh2 Rc2 49. Be2 R8xc7 50. Rxc7 Rxc7 51. Bxg4 Rc2 52. Bd1 Rxg2+ 53. Kh3 Ra2
54. Re3 e5 55. fxe5+ Kxe5 56. Bxa4 Kd4 57. Rb3 Bc2 0-1

[Event "Acropolis 2008"]
[Site "Athens"]
[Date "2008.08.14"]
[Round "6.11"]
[White "Mastrovasilis, Dimitrios"]
[Black "Georgiadis, Ioannis"]
[Result "1-0"]
[WhiteElo "2563"]
[BlackElo "2373"]
[PlyCount "81"]
[EventDate "2008.08.09"]

1. e4 e5 2. Nf3 Nc6 3. Bb5 a6 4. Ba4 Nf6 5. O-O Be7 6. Qe2 b5 7. Bb3 O-O 8. c3
d5 9. d3 d4 10. h3 Be6 11. Bxe6 fxe6 12. Nbd2 Qd7 13. cxd4 exd4 14. Nb3 e5 15.
Bd2 Bd6 16. Rac1 Nd8 17. Nxe5 Bxe5 18. f4 Bd6 19. e5 Nd5 20. exd6 Qxd6 21. Nxd4
Nxf4 22. Bxf4 Qxd4+ 23. Kh1 c6 24. Be5 Rxf1+ 25. Rxf1 Qd7 26. Qe4 Ne6 27. Rc1
Rc8 28. d4 h6 29. Rc3 Ng5 30. Qg6 b4 31. Rc4 a5 32. Rc5 a4 33. d5 Nxh3 34. Rxc6
Nf2+ 35. Kg1 Rxc6 36. dxc6 Qd1+ 37. Kxf2 Qd2+ 38. Kf3 Qd1+ 39. Ke3 Qe1+ 40. Kd4
Qd2+ 41. Kc5 1-0

[Event "Acropolis 2008"]
[Site "Athens"]
[Date "2008.08.14"]
[Round "6.12"]
[White "Mastrovasilis, Athanasios"]
[Black "Velcheva, Maria"]
[Result "1-0"]
[WhiteElo "2518"]
[BlackElo "2281"]
[PlyCount "95"]
[EventDate "2008.08.09"]

1. c4 e5 2. g3 Nf6 3. Bg2 d5 4. cxd5 Nxd5 5. Nf3 Nc6 6. O-O Nb6 7. d3 Be7 8. a3
a5 9. Nbd2 O-O 10. b3 Be6 11. Bb2 f6 12. Qc2 Qd7 13. Rfd1 Rfd8 14. Nc4 Qe8 15.
Nfd2 Bd5 16. Rac1 Bxg2 17. Kxg2 Qh5 18. Nf3 Qf7 19. h4 Rd7 20. Rh1 h5 21. Nxb6
cxb6 22. Qc4 Qxc4 23. bxc4 a4 24. Rb1 Na5 25. Nd2 Kf7 26. Bc3 Nb3 27. Nxb3 axb3
28. Rxb3 Rxa3 29. Rxa3 Bxa3 30. Rb1 Bc5 31. f4 Ke6 32. Kf3 g6 33. Rb3 Rd6 34.
fxe5 fxe5 35. Ke4 Bd4 36. e3 Bxc3 37. Rxc3 Kf6 38. Rb3 Rc6 39. Rb4 Rd6 40. Rb5
Re6 41. Rd5 g5 42. Rd7 g4 43. Rxb7 Kg6 44. Rb8 Rf6 45. Kxe5 Rf3 46. Rxb6+ Kh7
47. Ke4 Rxg3 48. c5 1-0

[Event "Acropolis 2008"]
[Site "Athens"]
[Date "2008.08.14"]
[Round "6.16"]
[White "Georgiou, Kostantinos"]
[Black "Melia, Salome"]
[Result "0-1"]
[WhiteElo "2236"]
[BlackElo "2416"]
[PlyCount "132"]
[EventDate "2008.08.09"]

1. e4 c5 2. Nf3 d6 3. d4 cxd4 4. Nxd4 Nf6 5. f3 Nc6 6. c4 Qb6 7. Nc2 g6 8. Nc3
Bg7 9. Rb1 Ng4 10. Qd2 Bh6 11. Qe2 Bxc1 12. Nd5 Qd8 13. Rxc1 e6 14. Nc3 Qg5 15.
Qd2 Qxd2+ 16. Kxd2 Nf6 17. Ne3 Ke7 18. Be2 b6 19. Rhd1 Bb7 20. Ke1 g5 21. a3
Rhd8 22. b4 Rac8 23. c5 dxc5 24. bxc5 Rxd1+ 25. Kxd1 bxc5 26. Na4 Nd4 27. Rxc5
Nxe2 28. Rxc8 Bxc8 29. Kxe2 Ba6+ 30. Kd2 Nh5 31. Nc5 Bb5 32. Kc3 Nf4 33. e5 Bc6
34. h3 h5 35. Nd3 f6 36. exf6+ Kxf6 37. Nf2 Ke5 38. Nc4+ Kd5 39. Ne3+ Kc5 40.
Nd3+ Nxd3 41. Kxd3 Kb5 42. Kc3 Ka4 43. Kb2 Bb5 44. Nd1 Bf1 45. Ne3 Be2 46. Nc2
e5 47. Ne3 h4 48. Ng4 Bf1 49. Ne3 Bd3 50. Nd1 Kb5 51. Kc3 Be2 52. Ne3 Kc5 53.
Kd2 Bb5 54. Kc3 Kd6 55. Kb4 Be2 56. Kc3 e4 57. fxe4 Ke5 58. Kd2 Ba6 59. Ke1
Kxe4 60. Kf2 Bc8 61. Nc4 Kd3 62. Ne5+ Kc3 63. Nc6 a6 64. a4 Kb3 65. a5 Ka4 66.
g3 Bxh3 0-1

[Event "Acropolis 2008"]
[Site "Athens"]
[Date "2008.08.14"]
[Round "6.17"]
[White "Zawadzka, Jolanta"]
[Black "Nikolaidis, Konstantinos"]
[Result "1/2-1/2"]
[WhiteElo "2389"]
[BlackElo "2279"]
[PlyCount "120"]
[EventDate "2008.08.09"]

1. e4 c5 2. Nf3 Nc6 3. d4 cxd4 4. Nxd4 Nf6 5. Nc3 e5 6. Ndb5 d6 7. Bg5 a6 8.
Na3 b5 9. Nd5 Be7 10. Bxf6 Bxf6 11. c3 Bg5 12. Nc2 O-O 13. a4 bxa4 14. Rxa4 a5
15. Bc4 Rb8 16. b3 Kh8 17. Nce3 g6 18. h4 Bxh4 19. g3 Bg5 20. Qd3 Ne7 21. f4
Nxd5 22. Nxd5 Bf6 23. Ra2 Kg7 24. Rah2 h5 25. f5 Bb7 26. Nxf6 Qxf6 27. g4 Rh8
28. fxg6 Qxg6 29. Rf1 Qxe4+ 30. Qxe4 Bxe4 31. Rxf7+ Kg6 32. gxh5+ Rxh5 33. Rxh5
Kxh5 34. Rd7 Rb6 35. Kd2 Kg5 36. Rg7+ Kf5 37. Rf7+ Kg5 38. Rg7+ Kf6 39. Rf7+
Kg6 40. Ra7 d5 41. Bd3 Rxb3 42. Bxe4+ dxe4 43. Rxa5 Kf5 44. Ra8 e3+ 45. Kxe3
Rxc3+ 46. Kd2 Rh3 47. Ra4 Rf3 48. Ke2 Rb3 49. Kf2 Rb6 50. Ke3 Rb2 51. Kf3 Rb1
52. Ke3 Re1+ 53. Kf2 Rh1 54. Kf3 Rh3+ 55. Ke2 Rb3 56. Kf2 e4 57. Ra8 Rb2+ 58.
Ke3 Rb3+ 59. Kf2 Rb5 60. Ke3 Rb3+ 1/2-1/2

[Event "Acropolis 2008"]
[Site "Athens"]
[Date "2008.08.14"]
[Round "6.18"]
[White "Atakisi, Umut"]
[Black "Sigalas, Frangiskos"]
[Result "1-0"]
[WhiteElo "2388"]
[BlackElo "2242"]
[PlyCount "71"]
[EventDate "2008.08.09"]

1. e4 c5 2. Nf3 d6 3. d4 cxd4 4. Nxd4 Nf6 5. Nc3 a6 6. Bg5 e6 7. f4 Qb6 8. Nb3
Be7 9. Qf3 Nbd7 10. O-O-O Qc7 11. Bd3 b5 12. a3 Rb8 13. Rhe1 b4 14. axb4 Rxb4
15. Kb1 Bb7 16. Qh3 Nc5 17. Nxc5 Qxc5 18. e5 dxe5 19. fxe5 Nd5 20. Nxd5 Bxd5
21. Bxe7 Qxe7 22. c3 Rh4 23. Qg3 O-O 24. Bc2 Rc8 25. Rd2 a5 26. Rf1 Rb8 27. Kc1
Be4 28. Rd4 Qb7 29. Rd8+ Rxd8 30. Qxh4 Rb8 31. Qxe4 Qxb2+ 32. Kd2 Rd8+ 33. Ke2
Qxc3 34. Qxh7+ Kf8 35. Qh8+ Ke7 36. Qh4+ 1-0

[Event "Acropolis 2008"]
[Site "Athens"]
[Date "2008.08.14"]
[Round "6.19"]
[White "Aloma Vidal, Robert"]
[Black "Stiri, Alexandra"]
[Result "1-0"]
[WhiteElo "2388"]
[BlackElo "2149"]
[PlyCount "149"]
[EventDate "2008.08.09"]

1. d4 Nf6 2. Nf3 g6 3. c4 Bg7 4. Nc3 d6 5. e4 O-O 6. Be2 Na6 7. O-O Qe8 8. Bf4
e5 9. dxe5 Nh5 10. Be3 dxe5 11. c5 Nf4 12. a3 b6 13. b4 Bb7 14. Rc1 Rd8 15. Qc2
Nxe2+ 16. Qxe2 f5 17. c6 Bc8 18. Bg5 Rd6 19. Nd5 Rf7 20. Qc4 Be6 21. Rfd1 h6
22. Qxa6 fxe4 23. Nxc7 Rxd1+ 24. Rxd1 Qxc6 25. Rc1 Qd7 26. Nxe6 Qxe6 27. Nd2
hxg5 28. Nxe4 Qf5 29. Qc8+ Rf8 30. Qxf5 gxf5 31. Nxg5 Bh6 32. h4 Rd8 33. Rc7
Rd1+ 34. Kh2 Rd2 35. f3 a6 36. Rc6 Bxg5 37. Rg6+ Kf7 38. Rxg5 Kf6 39. Rg8 Rd3
40. h5 Kf7 41. Rg5 Rxa3 42. Rxf5+ Kg7 43. Rg5+ Kh6 44. Rxe5 Ra4 45. Re6+ Kxh5
46. Rxb6 Kh4 47. b5 axb5 48. Rxb5 Ra2 49. Rb4+ Kg5 50. Kg3 Rc2 51. Rb5+ Kf6 52.
Kh3 Rf2 53. Kg3 Ra2 54. f4 Rc2 55. Kf3 Rc3+ 56. Kg4 Rc6 57. Rh5 Kg6 58. g3 Rc3
59. f5+ Kg7 60. Rg5+ Kf7 61. Rg6 Rb3 62. Rd6 Kg7 63. Kf4 Ra3 64. g4 Ra4+ 65.
Kg5 Ra7 66. Rg6+ Kh7 67. Rh6+ Kg7 68. f6+ Kg8 69. Rh2 Rb7 70. Re2 Rb8 71. Kf5
Kf7 72. Re7+ Kf8 73. g5 Kg8 74. Kg6 Kf8 75. Kh7 1-0

[Event "Acropolis 2008"]
[Site "Athens"]
[Date "2008.08.14"]
[Round "6.20"]
[White "Simeonidis, Ioannis"]
[Black "Tirard, Hugo"]
[Result "1/2-1/2"]
[WhiteElo "2275"]
[BlackElo "2461"]
[PlyCount "90"]
[EventDate "2008.08.09"]

1. d4 Nf6 2. Nf3 c5 3. c3 e6 4. Bg5 Qb6 5. Qb3 Nc6 6. e3 d5 7. Nbd2 Nd7 8. Be2
f5 9. O-O h6 10. Bf4 g5 11. Bg3 Qxb3 12. Nxb3 cxd4 13. cxd4 Be7 14. Rfc1 a6 15.
a3 O-O 16. Bc7 Rf7 17. Rc2 Bf6 18. Rac1 Na7 19. Na5 Nb8 20. Be5 Nd7 21. Bxf6
Nxf6 22. Ne5 Rg7 23. Rc7 Ne8 24. Rxg7+ Nxg7 25. h4 gxh4 26. Kh2 Ne8 27. Kh3 Nf6
28. Kxh4 Nb5 29. a4 Nd6 30. Rc7 Rb8 31. Bh5 f4 32. Bf7+ Kf8 33. Bg6 fxe3 34.
fxe3 b6 35. Nec6 Ra8 36. Nb3 Bd7 37. a5 Rc8 38. Rxc8+ Nxc8 39. Nb8 Bb5 40. axb6
Nxb6 41. Nc5 Ke7 42. Kg3 a5 43. b3 Kd6 44. Kf4 Na8 45. Nba6 Bxa6 1/2-1/2

[Event "Acropolis 2008"]
[Site "Athens"]
[Date "2008.08.14"]
[Round "6.22"]
[White "Roy Chowdhury, Saptarshi"]
[Black "Galopoulos, Nikolaos"]
[Result "1/2-1/2"]
[WhiteElo "2411"]
[BlackElo "2270"]
[PlyCount "62"]
[EventDate "2008.08.09"]

1. e4 c5 2. Nf3 d6 3. Bc4 Nc6 4. d3 Nf6 5. O-O g6 6. Re1 Bg4 7. h3 Bxf3 8. Qxf3
Bg7 9. c3 O-O 10. Qe2 Na5 11. Nd2 Nxc4 12. dxc4 e6 13. Nf1 Qc7 14. Ng3 d5 15.
Bg5 d4 16. e5 Nd7 17. f4 Rae8 18. Ne4 f6 19. exf6 Nxf6 20. Bxf6 Bxf6 21. Rf1
Bg7 22. Qg4 Rf5 23. Rae1 Qc6 24. cxd4 Bxd4+ 25. Kh1 e5 26. Nc3 Bxc3 27. bxc3
exf4 28. Rxe8+ Qxe8 29. Qf3 Qf7 30. Qe4 Qd7 31. Qf3 Qf7 1/2-1/2

[Event "Acropolis 2008"]
[Site "Athens"]
[Date "2008.08.14"]
[Round "6.23"]
[White "Karagiannis, Athanasios"]
[Black "Kostopoulos, Evangellos"]
[Result "1-0"]
[WhiteElo "2357"]
[BlackElo "2150"]
[PlyCount "67"]
[EventDate "2008.08.09"]

1. d4 d5 2. Nc3 Bf5 3. f3 Nf6 4. g4 Bg6 5. g5 Ng8 6. e4 dxe4 7. fxe4 e5 8. d5
h6 9. Qd3 Nd7 10. Qb5 Rb8 11. Nf3 a6 12. Qe2 hxg5 13. Bxg5 Be7 14. Bxe7 Qxe7
15. O-O-O Ngf6 16. Qe1 Bh5 17. Be2 Qc5 18. Kb1 Bxf3 19. Bxf3 Ke7 20. h4 Rbg8
21. Qg3 Qd6 22. Rhf1 Kd8 23. a3 Kc8 24. Bg4 Kb8 25. Bxd7 Qxd7 26. Qxe5 Rxh4 27.
Qg3 Rg4 28. Qh3 Re8 29. Rde1 Re5 30. Qh8+ Re8 31. Qh1 Re5 32. Rg1 Nxe4 33. Nxe4
Rexe4 34. Rxe4 1-0

[Event "Acropolis 2008"]
[Site "Athens"]
[Date "2008.08.14"]
[Round "6.24"]
[White "Makropoulou, Marina"]
[Black "Kanakaris, Georgios"]
[Result "1-0"]
[WhiteElo "2244"]
[BlackElo "2284"]
[PlyCount "137"]
[EventDate "2008.08.09"]

1. e4 e6 2. d4 d5 3. Nd2 c5 4. exd5 exd5 5. Ngf3 Nc6 6. Be2 cxd4 7. O-O Bd6 8.
Nb3 Nge7 9. Nbxd4 O-O 10. c3 Bg4 11. Re1 Qd7 12. Be3 Rad8 13. Qc2 Bh5 14. Rad1
Bb8 15. Nxc6 Nxc6 16. Qa4 Qc7 17. Qh4 Bg6 18. Bd3 Bxd3 19. Rxd3 Rfe8 20. Red1
Re4 21. Qh5 Ne5 22. Nxe5 Rxe5 23. Qh4 Rde8 24. Rxd5 Rxd5 25. Rxd5 h6 26. g3 a6
27. Qg4 Re6 28. Qd4 Rd6 29. Bf4 Rxd5 30. Qxd5 Qc8 31. Bxb8 Qxb8 32. c4 Qc7 33.
b4 Qe7 34. a3 a5 35. bxa5 Qxa3 36. Kg2 Qb4 37. h4 g6 38. Qd8+ Kg7 39. Qd4+ Kg8
40. Qd5 h5 41. Qd8+ Kg7 42. Qb6 Qe7 43. Qd4+ Kg8 44. Qd5 Qc7 45. a6 bxa6 46.
Qa8+ Kg7 47. Qxa6 Kf8 48. Qa8+ Ke7 49. Qe4+ Kd7 50. Qd5+ Ke7 51. Kf3 Qb6 52. c5
Qf6+ 53. Kg2 Qa6 54. c6 Qc8 55. Qc5+ Ke6 56. Kf3 Qa8 57. Ke3 Qb8 58. Qc4+ Ke7
59. c7 Qc8 60. Qc6 f6 61. f4 Kf7 62. Kd4 Ke7 63. Kc4 Qg8+ 64. Kc5 Qc8 65. Qd6+
Ke8 66. Kb6 Kf7 67. Qd5+ Ke7 68. Qc5+ Kd7 69. f5 1-0

[Event "Acropolis 2008"]
[Site "Athens"]
[Date "2008.08.14"]
[Round "6.25"]
[White "Klokas, Konstantinos"]
[Black "Saravanan, V."]
[Result "1-0"]
[WhiteElo "2167"]
[BlackElo "2405"]
[PlyCount "55"]
[EventDate "2008.08.09"]

1. e4 c5 2. Nf3 d6 3. d4 cxd4 4. Nxd4 Nf6 5. Nc3 a6 6. Bg5 e6 7. f4 Qc7 8. Bxf6
gxf6 9. Qd2 b5 10. Be2 b4 11. Nd1 Nd7 12. Bh5 Nc5 13. Nf2 Bb7 14. c3 e5 15.
cxb4 Nxe4 16. Nxe4 Bxe4 17. Ne6 Qe7 18. Nxf8 Kxf8 19. fxe5 dxe5 20. Qh6+ Ke8
21. O-O f5 22. Qg7 Rf8 23. Rac1 Kd7 24. Rfd1+ Ke6 25. Qh6+ f6 26. Qe3 Qa7 27.
Rc5 Rad8 28. Rxe5+ 1-0

[Event "Acropolis 2008"]
[Site "Athens"]
[Date "2008.08.14"]
[Round "6.26"]
[White "Karlovich, Anastazia"]
[Black "Astaneh Lopez, Alex"]
[Result "0-1"]
[WhiteElo "2242"]
[BlackElo "2357"]
[PlyCount "106"]
[EventDate "2008.08.09"]

1. e4 c5 2. Nf3 e6 3. b3 Nc6 4. Bb2 Nf6 5. e5 Nd5 6. g3 Be7 7. Bg2 O-O 8. O-O
d6 9. d4 cxd4 10. exd6 Bf6 11. Nbd2 e5 12. Nxe5 Nxe5 13. Bxd5 Qxd6 14. Bg2 Rd8
15. Ne4 Qb6 16. Re1 Bg4 17. Qd2 Rac8 18. Rac1 Be7 19. Qf4 f6 20. h3 Bh5 21. g4
Bf7 22. Red1 Rc7 23. Ng3 Rcd7 24. Nf5 Bc5 25. Be4 a5 26. Rd2 Nc4 27. bxc4 Qxb2
28. Rcd1 Kh8 29. g5 fxg5 30. Qxg5 Bf8 31. Ng3 Bxc4 32. Qxa5 Qxa2 33. Qh5 Bg8
34. c3 Qc4 35. Rd3 Qc5 36. Qg4 Rd6 37. cxd4 Qc7 38. R3d2 b6 39. Rc2 Qb8 40.
Rcd2 Bd5 41. Bb1 Rf6 42. Re1 Bb4 43. Rde2 Bxe1 44. Nh5 Rf7 45. Rxe1 g6 46. Ng3
Qf4 47. Qe2 Rdf8 48. Rf1 Kg8 49. Qe5 Qf3 50. Be4 Bxe4 51. Nxe4 Qxh3 52. d5 Qg4+
53. Ng3 h5 0-1

[Event "Acropolis 2008"]
[Site "Athens"]
[Date "2008.08.14"]
[Round "6.27"]
[White "Kourousis, Epaminondas"]
[Black "Burtasova, Anna"]
[Result "1-0"]
[WhiteElo "2221"]
[BlackElo "2329"]
[PlyCount "101"]
[EventDate "2008.08.09"]

1. Nf3 c5 2. c4 Nc6 3. e3 e6 4. Nc3 d5 5. cxd5 exd5 6. d4 Nf6 7. Be2 Be7 8. O-O
O-O 9. dxc5 Bxc5 10. b3 a6 11. Na4 Ba7 12. Ba3 Re8 13. Bc5 Bb8 14. Rc1 Ne4 15.
Bd4 Nxd4 16. Qxd4 Ba7 17. Qb4 b5 18. Nb2 Nxf2 19. Rxf2 Bxe3 20. Rcf1 Qb6 21.
Bd3 d4 22. Nc4 Bxf2+ 23. Rxf2 Qc7 24. Ng5 bxc4 25. Rxf7 Bd7 26. Rxd7 Qxd7 27.
Bxc4+ Kh8 28. Nf7+ Qxf7 29. Bxf7 Rf8 30. Bc4 a5 31. Qd2 Rfd8 32. a4 Rd6 33. h3
d3 34. Kf2 Rf8+ 35. Ke1 h6 36. Bxd3 Rfd8 37. Ke2 Re8+ 38. Kd1 Red8 39. Kc2 Rc8+
40. Kb2 Rcd8 41. Qxa5 Rxd3 42. Qb6 Rd2+ 43. Ka3 Re8 44. a5 Ree2 45. b4 Rxg2 46.
a6 Rg3+ 47. Ka4 Ra2+ 48. Kb5 Rxh3 49. a7 Kh7 50. Qa5 Rh5+ 51. Kb6 1-0

[Event "Acropolis 2008"]
[Site "Athens"]
[Date "2008.08.14"]
[Round "6.28"]
[White "Kordis, Konstantinos"]
[Black "Sandu, Mihaela"]
[Result "0-1"]
[WhiteElo "2216"]
[BlackElo "2288"]
[PlyCount "62"]
[EventDate "2008.08.09"]

1. e4 c5 2. Nf3 e6 3. d4 cxd4 4. Nxd4 Nf6 5. Nc3 d6 6. g4 a6 7. g5 Nfd7 8. Be3
b5 9. Qd2 Bb7 10. f3 Nc6 11. h4 b4 12. Nce2 Nde5 13. b3 d5 14. f4 Ng4 15. Nxc6
Bxc6 16. Nd4 Bb7 17. e5 Nxe3 18. Qxe3 Rc8 19. O-O-O Rc3 20. Rd3 Bc5 21. Be2 Qa5
22. a4 O-O 23. g6 Rc8 24. gxf7+ Kxf7 25. f5 Bxd4 26. Bh5+ Kg8 27. Qxd4 Rxc2+
28. Kb1 Qc7 29. Rdd1 Rc3 30. Qxb4 a5 31. Qa3 Qxe5 0-1

[Event "Acropolis 2008"]
[Site "Athens"]
[Date "2008.08.14"]
[Round "6.30"]
[White "Iordanidou, Zoi"]
[Black "Fakhiridou, Ekaterini"]
[Result "0-1"]
[WhiteElo "2060"]
[BlackElo "2274"]
[PlyCount "66"]
[EventDate "2008.08.09"]

1. e4 d5 2. exd5 Nf6 3. d4 Nxd5 4. c4 Nb6 5. Bf4 g6 6. Be5 f6 7. Bg3 Bg7 8. Nc3
c6 9. h3 Be6 10. b3 O-O 11. Nf3 a5 12. Be2 a4 13. O-O a3 14. Qd2 Bf7 15. Rad1
N6d7 16. Qe3 Qa5 17. d5 Re8 18. Nd4 f5 19. dxc6 bxc6 20. Na4 f4 21. Bxf4 e5 22.
Nxc6 Nxc6 23. Rxd7 exf4 24. Qxf4 Be6 25. Rb7 Rad8 26. Bg4 Qe5 27. Bxe6+ Rxe6
28. Qf7+ Kh8 29. Rb5 Qe2 30. g3 Rf8 31. Qc7 Nd4 32. Rb7 Nf3+ 33. Kg2 Qxf1+ 0-1

[Event "Acropolis 2008"]
[Site "Athens"]
[Date "2008.08.14"]
[Round "6.31"]
[White "Pountzas, Hrisanthos"]
[Black "Aggelis, Nikolaos"]
[Result "1/2-1/2"]
[WhiteElo "2202"]
[BlackElo "2271"]
[PlyCount "118"]
[EventDate "2008.08.09"]

1. Nf3 Nf6 2. c4 g6 3. Nc3 d5 4. cxd5 Nxd5 5. Qa4+ Bd7 6. Qh4 Nxc3 7. dxc3 Nc6
8. e4 e5 9. Bg5 Be7 10. Bxe7 Qxe7 11. Qxe7+ Kxe7 12. Bb5 Rad8 13. O-O f6 14.
Rfd1 Nb8 15. Bxd7 Nxd7 16. Kf1 Nc5 17. Re1 Rd3 18. Re2 Rhd8 19. Ke1 Ne6 20. Kf1
a5 21. Rc1 a4 22. Ne1 Rd1 23. Rec2 R8d2 24. Rxd1 Rxd1 25. Ke2 Ra1 26. a3 Nc5
27. f3 Nb3 28. Nd3 Rh1 29. h3 c5 30. Kf2 Kd6 31. Kg3 Rb1 32. Re2 b6 33. Kf2 Rd1
34. Ke3 Na5 35. Ne1 Nc4+ 36. Kf2 Rb1 37. Nd3 Kc6 38. Re1 Rxe1 39. Kxe1 Kd6 40.
Ke2 Ke6 41. g4 f5 42. g5 f4 43. Kd1 Kf7 44. Kc1 Kg7 45. Nf2 h6 46. h4 h5 47.
Nd3 Kf7 48. Ne1 Ke6 49. Nd3 Ne3 50. Ne1 Kd6 51. Kd2 Nc4+ 52. Kc1 Kd7 53. Nd3
Kc6 54. Kc2 Kd6 55. Kc1 b5 56. Ne1 Ne3 57. Kd2 Kc7 58. Kd3 Kc6 59. Kd2 Nc4+
1/2-1/2

[Event "Acropolis 2008"]
[Site "Athens"]
[Date "2008.08.14"]
[Round "6.33"]
[White "Makka, Ioulia"]
[Black "Angelis, Mihail"]
[Result "1-0"]
[WhiteElo "2225"]
[BlackElo "2224"]
[PlyCount "107"]
[EventDate "2008.08.09"]

1. e4 c6 2. d4 g6 3. Nc3 d5 4. h3 Bg7 5. Nf3 Nh6 6. Bf4 f6 7. Be2 O-O 8. O-O
Nf7 9. exd5 cxd5 10. Bh2 Nc6 11. Re1 e6 12. Bf1 Nd6 13. Rb1 a5 14. a4 Nf7 15.
Kh1 Re8 16. Re2 Bd7 17. Nb5 Rc8 18. c3 Bf8 19. Qd2 Qb6 20. Ree1 Nb8 21. b3 Bc6
22. h4 Nd7 23. Rb2 Bh6 24. Bf4 Bg7 25. Bh2 Bf8 26. Qd1 e5 27. dxe5 fxe5 28. Ng5
Nd6 29. Qf3 Nf5 30. g4 d4 31. Bc4+ Kg7 32. Bd5 Bxd5 33. Qxd5 Qc6 34. Qxc6 bxc6
35. gxf5 cxb5 36. cxd4 Bb4 37. Bxe5+ Nxe5 38. Rxe5 bxa4 39. bxa4 Rxe5 40. dxe5
gxf5 41. Kg2 Rc4 42. Nf3 h6 43. h5 Kf7 44. Rb1 Be7 45. Rb6 Rg4+ 46. Kf1 Kg7 47.
Rb7 Kf7 48. Rd7 Rxa4 49. Nd4 Ke8 50. e6 f4 51. Nc6 Bf6 52. Kg2 f3+ 53. Kxf3
Ra3+ 54. Kg2 1-0

[Event "Acropolis 2008"]
[Site "Athens"]
[Date "2008.08.14"]
[Round "6.34"]
[White "Galopoulos, Panagiotis"]
[Black "Gazis, Efstathios"]
[Result "1/2-1/2"]
[WhiteElo "2200"]
[BlackElo "2308"]
[PlyCount "82"]
[EventDate "2008.08.09"]

1. e4 c5 2. c3 d6 3. d4 Nf6 4. dxc5 Nc6 5. f3 dxc5 6. Qxd8+ Nxd8 7. Be3 e6 8.
Bb5+ Bd7 9. a4 Nc6 10. Nd2 Na5 11. Ne2 h5 12. Kf2 Rc8 13. b3 Be7 14. g3 a6 15.
Bxd7+ Nxd7 16. f4 f6 17. h3 Kf7 18. f5 e5 19. Ke1 Nb8 20. Kd1 Nbc6 21. Bf2 Rhd8
22. Kc2 Rxd2+ 23. Kxd2 Nxb3+ 24. Kc2 Nxa1+ 25. Rxa1 Na5 26. Rb1 Bd6 27. c4 Rb8
28. Kd3 Nc6 29. Nc3 Nb4+ 30. Ke2 Ke7 31. Nd5+ Nxd5 32. exd5 Kd7 33. Ke3 Kc7 34.
Ke4 b5 35. cxb5 axb5 36. axb5 Kb6 37. Ra1 Kxb5 38. Rb1+ Kc4 39. Rc1+ Kb5 40.
Rb1+ Kc4 41. Rc1+ Kb5 1/2-1/2

[Event "Acropolis 2008"]
[Site "Athens"]
[Date "2008.08.14"]
[Round "6.35"]
[White "Petraki, Maria"]
[Black "Pavlidis, Antonios"]
[Result "0-1"]
[WhiteElo "2069"]
[BlackElo "2266"]
[PlyCount "128"]
[EventDate "2008.08.09"]

1. e4 e5 2. Nf3 Nc6 3. Bc4 Nf6 4. d3 h6 5. O-O d6 6. c3 g6 7. Re1 Bg7 8. Nbd2
O-O 9. h3 Na5 10. Bb5 a6 11. Ba4 b5 12. Bc2 c5 13. Nf1 Bb7 14. Ng3 Qc7 15. Qe2
Rfe8 16. b3 d5 17. Nh2 c4 18. dxc4 bxc4 19. b4 Nc6 20. exd5 Nd4 21. cxd4 exd4
22. Qf1 Rxe1 23. Qxe1 d3 24. Bb2 dxc2 25. Rc1 Bxd5 26. Rxc2 Qb7 27. f3 Qb6+ 28.
Kh1 Re8 29. Qd2 Be6 30. Ng4 Bxg4 31. hxg4 Qc7 32. Ne2 Qe7 33. Kg1 Rd8 34. Bd4
Qe6 35. Qc3 Nxg4 36. fxg4 Qxe2 37. Rxe2 Bxd4+ 38. Qxd4 Rxd4 39. Re8+ Kg7 40.
Rc8 Rxg4 41. Rc6 c3 42. a3 Rg5 43. Rxc3 a5 44. Rb3 axb4 45. axb4 Rb5 46. Kf2
Kf6 47. Ke3 Ke5 48. Kd3 Kd5 49. Kc3 f5 50. Rb1 h5 51. Rd1+ Ke5 52. Kc4 Rb8 53.
b5 Kf4 54. Kc5 h4 55. b6 Kg3 56. Rd2 f4 57. Rd6 g5 58. Rg6 g4 59. Kc6 h3 60.
gxh3 Kxh3 61. Kc7 Rxb6 62. Kxb6 f3 63. Kc5 f2 64. Rf6 Kg2 0-1

[Event "Acropolis 2008"]
[Site "Athens"]
[Date "2008.08.14"]
[Round "6.36"]
[White "Kokolias, Konstantinos"]
[Black "Fernandez, Daniel Howard"]
[Result "0-1"]
[WhiteElo "2197"]
[BlackElo "2215"]
[PlyCount "60"]
[EventDate "2008.08.09"]

1. Nc3 d5 2. e4 d4 3. Nce2 c5 4. Ng3 Nc6 5. Nf3 Nf6 6. Bc4 e6 7. O-O Be7 8. d3
Qc7 9. Ne1 Bd7 10. a3 h5 11. h3 O-O-O 12. Bg5 h4 13. Ne2 Nh5 14. Bxe7 Nxe7 15.
b4 Ng6 16. bxc5 Ngf4 17. Nxd4 Qxc5 18. Nef3 Rh6 19. c3 Rg6 20. Nxh4 Nxh3+ 21.
Kh1 N3f4 22. Nxg6 Qg5 23. Ne7+ Kb8 24. Nec6+ Bxc6 25. Nxc6+ bxc6 26. Qf3 Rh8
27. Kg1 Qxg2+ 28. Qxg2 Ne2+ 29. Kh2 Nhf4+ 30. Qh3 Rxh3# 0-1